Drug design

Guardat en:
Dades bibliogràfiques
Autor principal: RAZDAN, Balkishen
Format: Llibre
Idioma:anglès
Publicat: CBS Publishers, 2012 2012
Etiquetes: Afegir etiqueta
Sense etiquetes, Sigues el primer a etiquetar aquest registre!

MARC

LEADER 00000nam a22000007a 4500
008 210907b ||||| |||| 00| 0 eng d
020 |a 9788123922171 
100 |a RAZDAN, Balkishen 
245 |a Drug design  |c Balkishen Razdan  |g xii, 287p;ill 
260 |b CBS Publishers, 2012  |c 2012  |h New Delhi  |i 696885  |i 696886  |l RM300.R21  |m Pharmacology  |m Pharmaceutical chemistry 
500 |a it includes index 
942 |a lcc  |c BK  |e Johnson  |f 07/09/21 
952 |0 0  |1 0  |2 lcc  |4 0  |6 RM0300 R21  |7 0  |9 3422  |a PL  |b HOL  |c QZ  |d 2021-09-07  |l 0  |o RM300.R21  |p 2021-67129  |r 2021-09-07 00:00:00  |w 2021-09-07  |y BK 
952 |0 0  |1 0  |2 lcc  |4 0  |6 RM0300 R21  |7 0  |9 3423  |a HOL  |b HOL  |c QZ  |d 2021-09-07  |l 0  |o RM300.R21  |p 2021-67130  |r 2021-09-07 00:00:00  |w 2021-09-07  |y BK 
999 |c 1706  |d 1706